[Event "DEM U10w 2017"]
[Site "Willingen GER"]
[Date "2017.06.09"]
[Round "10"]
[White "Peglau, Charis"]
[Black "Peglau, Dora"]
[Result "0-1"]
[Termination "normal"]
[Board "5"]
[WhiteElo "1193"]
[BlackElo "1159"]
[WhiteClock "01:08:09"]
[BlackClock "01:08:33"]
[PlyCount "58"]
[WhiteFideId "16219996"]
[BlackFideId "16220005"]
[EventCountry "GER"]
[EventRounds "11"]
[EventType "swiss"]
[EventDate "2017.06.03"]

1. e4 {[%clk 1:15:57]} 1... d5 {[%clk 1:15:54]} 2. exd5 {[%clk 1:16:10]} 2...
Qxd5 {[%clk 1:16:15]} 3. Nc3 {[%clk 1:16:35]} 3... Qd8 {[%clk 1:16:40]} 4. d4 {
[%clk 1:16:58]} 4... e6 {[%clk 1:17:00]} 5. Bc4 {[%clk 1:17:05]} 5... Nf6 {
[%clk 1:17:13]} 6. Bg5 {[%clk 1:17:21]} 6... Be7 {[%clk 1:17:28]} 7. Nf3 {
[%clk 1:17:35]} 7... O-O {[%clk 1:17:22]} 8. O-O {[%clk 1:17:49]} 8... c5 {
[%clk 1:16:28]} 9. Re1 {[%clk 1:17:07]} 9... cxd4 {[%clk 1:16:29]} 10. Nxd4 {
[%clk 1:16:37]} 10... a6 {[%clk 1:15:31]} 11. Bb3 {[%clk 1:16:23]} 11... Bd7 {
[%clk 1:13:58]} 12. Qd2 {[%clk 1:16:13]} 12... Nc6 {[%clk 1:14:06]} 13. Rad1 {
[%clk 1:16:10]} 13... Nxd4 {[%clk 1:13:57]} 14. Qxd4 {[%clk 1:16:25]} 14... Qc7
{[%clk 1:13:33]} 15. Bxf6 {[%clk 1:16:21]} 15... Bxf6 {[%clk 1:12:30]} 16. Qxd7
{[%clk 1:16:34]} 16... Qb6 {[%clk 1:11:53]} 17. Rd6 {[%clk 1:14:23]} 17... Rfd8
{[%clk 1:10:27]} 18. Qxf7+ {[%clk 1:13:25]} 18... Kxf7 {[%clk 1:10:35]} 19.
Rxb6 {[%clk 1:13:47]} 19... Rab8 {[%clk 1:10:40]} 20. Bxe6+ {[%clk 1:13:32]}
20... Kf8 {[%clk 1:10:53]} 21. Ne4 {[%clk 1:12:45]} 21... Bd4 {[%clk 1:10:47]}
22. Nd6 {[%clk 1:12:23]} 22... Bxb6 {[%clk 1:10:47]} 23. Nf7 {[%clk 1:12:06]}
23... Rd2 {[%clk 1:10:12]} 24. Rf1 {[%clk 1:10:58]} 24... Rxc2 {[%clk 1:08:52]}
25. b4 {[%clk 1:11:10]} 25... Re8 {[%clk 1:07:56]} 26. Bb3 {[%clk 1:11:24]}
26... Rxf2 {[%clk 1:07:36]} 27. Bc4 {[%clk 1:07:31]} 27... Rxf7+ { [%clk
1:07:49]} 28. Kh1 {[%clk 1:07:51]} 28... Rxf1+ {[%clk 1:08:10]} 29. Bxf1 {[%clk
1:08:09]} 29... Re1 {[%clk 1:08:33]} 0-1

[Event "DEM U10w 2017"]
[Site "Willingen GER"]
[Date "2017.06.09"]
[Round "10"]
[White "Prinzen, Siri Marleen"]
[Black "Winkler, Sarah"]
[Result "1-0"]
[Termination "normal"]
[Board "6"]
[WhiteElo "951"]
[BlackElo "1251"]
[WhiteClock "01:03:43"]
[BlackClock "00:38:40"]
[PlyCount "59"]
[WhiteFideId "16265912"]
[BlackFideId "16274431"]
[EventCountry "GER"]
[EventRounds "11"]
[EventType "swiss"]
[EventDate "2017.06.03"]

1. e4 {[%clk 1:15:58]} 1... e5 {[%clk 1:15:51]} 2. Nf3 {[%clk 1:16:22]} 2...
Nc6 {[%clk 1:16:14]} 3. Bc4 {[%clk 1:16:43]} 3... Bc5 {[%clk 1:16:36]} 4. c3 {
[%clk 1:16:55]} 4... Nf6 {[%clk 1:16:47]} 5. d3 {[%clk 1:17:17]} 5... d6 {
[%clk 1:17:00]} 6. h3 {[%clk 1:17:28]} 6... O-O {[%clk 1:17:17]} 7. Bg5 { [%clk
1:17:47]} 7... h6 {[%clk 1:17:19]} 8. Bh4 {[%clk 1:18:11]} 8... Be6 { [%clk
1:17:27]} 9. Bb3 {[%clk 1:18:17]} 9... Re8 {[%clk 1:16:45]} 10. Nbd2 { [%clk
1:18:28]} 10... Qe7 {[%clk 1:13:17]} 11. Nf1 {[%clk 1:17:14]} 11... Bb6 { [%clk
1:07:13]} 12. g4 {[%clk 1:17:04]} 12... Bxb3 {[%clk 1:03:08]} 13. axb3 { [%clk
1:14:35]} 13... Nd8 14. g5 {[%clk 1:14:36]} 14... hxg5 {[%clk 0:58:32]} 15.
Bxg5 {[%clk 1:14:59]} 15... Ne6 {[%clk 0:58:45]} 16. Bh4 {[%clk 1:14:52]} 16...
Nf4 {[%clk 0:57:29]} 17. Rh2 {[%clk 1:12:40]} 17... Qe6 {[%clk 0:53:19]} 18.
Ng5 {[%clk 1:10:33]} 18... Qe7 {[%clk 0:52:51]} 19. Ng3 {[%clk 1:09:55]} 19...
g6 {[%clk 0:51:45]} 20. Qd2 {[%clk 1:06:11]} 20... c6 {[%clk 0:48:43]} 21.
O-O-O {[%clk 1:05:00]} 21... Ne6 {[%clk 0:45:24]} 22. Nxe6 {[%clk 1:04:53]}
22... Qxe6 {[%clk 0:45:26]} 23. Qh6 {[%clk 1:04:08]} 23... Nh7 {[%clk 0:44:08]}
24. Nh5 {[%clk 1:02:24]} 24... gxh5 {[%clk 0:38:30]} 25. Rg2+ {[%clk 1:02:35]}
25... Qg6 {[%clk 0:38:02]} 26. Rxg6+ {[%clk 1:02:49]} 26... fxg6 { [%clk
0:38:21]} 27. Qxg6+ {[%clk 1:02:52]} 27... Kh8 {[%clk 0:38:25]} 28. Bf6+ {[%clk
1:02:59]} 28... Nxf6 {[%clk 0:38:41]} 29. Qxf6+ {[%clk 1:03:23]} 29... Kg8
{[%clk 0:38:40]} 30. Rg1+ {[%clk 1:03:43]} 1-0

[Event "DEM U10w 2017"]
[Site "Willingen GER"]
[Date "2017.06.09"]
[Round "10"]
[White "Sohr, Luna"]
[Black "Voigt, Anastasia"]
[Result "1-0"]
[Termination "normal"]
[Board "7"]
[WhiteElo "1199"]
[BlackElo "1181"]
[PlyCount "81"]
[WhiteFideId "16251261"]
[BlackFideId "16235223"]
[EventCountry "GER"]
[EventRounds "11"]
[EventType "swiss"]
[EventDate "2017.06.03"]

1. e4 e5 2. Nf3 Nc6 3. Nc3 Nf6 4. Bb5 d6 5. O-O Be7 6. d3 O-O 7. Bxc6 bxc6 8.
h3 Be6 9. Bg5 Rb8 10. b3 Re8 11. Re1 h6 12. Bh4 Qd7 13. d4 exd4 14. Nxd4 a6 15.
Nxe6 Qxe6 16. f4 Rb4 17. a3 Rbb8 18. f5 Qe5 19. Qf3 Nd7 20. Bg3 Qf6 21. Rad1
Rbd8 22. e5 dxe5 23. Ne4 Qh4 24. Bxh4 Bxh4 25. g3 Be7 26. a4 a5 27. Rd3 Nb6 28.
Rxd8 Rxd8 29. Rd1 Rf8 30. Qg4 Kh8 31. Qf3 Nd5 32. c4 Nb4 33. f6 gxf6 34. Nxf6
Rd8 35. Rxd8+ Bxd8 36. Qf5 Kg7 37. Nh5+ Kg8 38. Qc8 Kh7 39. Qxd8 Kg6 40. Qf6+
Kxh5 41. g4# 1-0

[Event "DEM U10w 2017"]
[Site "Willingen GER"]
[Date "2017.06.09"]
[Round "10"]
[White "Adelmeyer, Nelly"]
[Black "Bräutigam, Katerina"]
[Result "0-1"]
[Termination "normal"]
[Board "8"]
[WhiteElo "1187"]
[BlackElo "1064"]
[PlyCount "64"]
[WhiteFideId "16203577"]
[BlackFideId "16242980"]
[EventCountry "GER"]
[EventRounds "11"]
[EventType "swiss"]
[EventDate "2017.06.03"]

1. d4 Nf6 2. Nf3 g6 3. e3 Bg7 4. Bd3 O-O 5. O-O d6 6. Nbd2 Nbd7 7. b3 b6 8. Bb2
Bb7 9. c4 Re8 10. Qc2 Rc8 11. e4 e6 12. e5 dxe5 13. dxe5 Ng4 14. h3 Ngxe5 15.
Qc3 Nxf3+ 16. Nxf3 Bxc3 17. Bxc3 Bxf3 18. gxf3 Qg5+ 19. Kh2 Ne5 20. Be4 Nd7 21.
Bc6 Red8 22. Rg1 Qf4+ 23. Kh1 Qd6 24. Be4 f5 25. Rad1 Qe7 26. Bd2 fxe4 27. Bg5
Nf6 28. fxe4 Rxd1 29. Rxd1 Qf8 30. e5 Ne4 31. Be3 Nxf2+ 32. Bxf2 Qxf2 0-1

[Event "DEM U10w 2017"]
[Site "Willingen GER"]
[Date "2017.06.09"]
[Round "10"]
[White "Keymer, Cecilia"]
[Black "Hubert, Charlotte"]
[Result "1-0"]
[Termination "normal"]
[Board "9"]
[WhiteElo "1311"]
[BlackElo "1028"]
[PlyCount "41"]
[WhiteFideId "16233468"]
[BlackFideId "16265920"]
[EventCountry "GER"]
[EventRounds "11"]
[EventType "swiss"]
[EventDate "2017.06.03"]

1. d4 d5 2. c4 e5 3. dxe5 d4 4. Nf3 Nc6 5. h3 Be6 6. b3 Bc5 7. Ba3 Bxa3 8. Nxa3
Qd7 9. Nc2 O-O-O 10. Qd2 Nge7 11. Rd1 Ng6 12. Nfxd4 Ncxe5 13. e3 Rhe8 14. Be2
f6 15. Qa5 a6 16. Nb4 Qf7 17. c5 Bd5 18. O-O Re7 19. c6 bxc6 20. Qxa6+ Kd7 21.
f4 1-0

[Event "DEM U10w 2017"]
[Site "Willingen GER"]
[Date "2017.06.09"]
[Round "10"]
[White "Englert, Lin"]
[Black "Alhassan, Jodi"]
[Result "1-0"]
[Termination "normal"]
[Board "10"]
[WhiteElo "1165"]
[BlackElo "953"]
[PlyCount "127"]
[WhiteFideId "16226410"]
[BlackFideId "16250460"]
[EventCountry "GER"]
[EventRounds "11"]
[EventType "swiss"]
[EventDate "2017.06.03"]

1. e4 e5 2. Nf3 Nc6 3. Bb5 a6 4. Ba4 b5 5. Bb3 d6 6. h3 h6 7. d3 Nf6 8. c3 Be7
9. Nbd2 O-O 10. O-O Bb7 11. Re1 Na5 12. Bc2 c5 13. b3 Rc8 14. Nf1 d5 15. exd5
Qxd5 16. Rxe5 Qd7 17. Qe1 Rfe8 18. Re3 Bd6 19. Rxe8+ Rxe8 20. Qd1 Nc6 21. Ne3
Ne5 22. Nxe5 Bxe5 23. Bb2 Bf4 24. Bc1 Qc6 25. Qf1 Bxe3 26. Bxe3 Nd5 27. Bd2 f5
28. c4 Nf6 29. Re1 Rxe1 30. Bxe1 Nh5 31. Bd2 g5 32. Bd1 Nf4 33. Bxf4 gxf4 34.
Bf3 Qc7 35. Bxb7 Qxb7 36. f3 bxc4 37. dxc4 a5 38. Qd3 Qf7 39. Kf2 Kg7 40. Qc3+
Kg6 41. Qxa5 Qe7 42. Qd2 Qe5 43. a4 Qb8 44. Qc3 h5 45. a5 Kg5 46. a6 Qa7 47.
Qa5 h4 48. Qd8+ Kh5 49. Qc8 Kg5 50. Qb7 Qxb7 51. axb7 Kh5 52. b8=Q Kg5 53. Qb6
Kh5 54. Ke2 Kg5 55. Qxc5 Kg6 56. Qd6+ Kg5 57. Kd3 Kh5 58. Kd4 Kg5 59. Ke5 Kh5
60. Qe6 Kg5 61. Qxf5+ Kh6 62. Qg4 Kh7 63. Kf6 Kh8 64. Qg7# 1-0

[Event "DEM U10w 2017"]
[Site "Willingen GER"]
[Date "2017.06.09"]
[Round "10"]
[White "Nguyen, Jenny Ha Linh"]
[Black "Trunz, Michelle"]
[Result "0-1"]
[Termination "normal"]
[Board "11"]
[WhiteElo "1102"]
[BlackElo "1340"]
[PlyCount "96"]
[WhiteFideId "16209729"]
[BlackFideId "16227980"]
[EventCountry "GER"]
[EventRounds "11"]
[EventType "swiss"]
[EventDate "2017.06.03"]

1. e4 c5 2. Nf3 d6 3. Bb5+ Nd7 4. O-O Ngf6 5. Re1 e5 6. d3 Be7 7. Nc3 a6 8.
Bxd7+ Bxd7 9. Bg5 O-O 10. Bxf6 Bxf6 11. Nd5 b5 12. a3 Bc6 13. Qd2 h6 14. b4
Bxd5 15. exd5 e4 16. dxe4 Bxa1 17. Rxa1 cxb4 18. axb4 Re8 19. Re1 Rc8 20. e5
Qc7 21. exd6 Rxe1+ 22. Nxe1 Qxd6 23. Qd3 Qxb4 24. Nf3 Qb1+ 25. Qf1 Qxc2 26. h3
Rd8 27. Nd4 Qd2 28. Nf3 Qxd5 29. Qa1 Qd1+ 30. Qxd1 Rxd1+ 31. Kh2 Rd8 32. Ne5
Rb8 33. Nc6 Rb6 34. Ne7+ Kf8 35. Nd5 Rb7 36. Nb4 a5 37. Nd3 b4 38. Nc5 Rb5 39.
Na4 b3 40. Nb2 Ke7 41. Kg3 Kd6 42. Kf3 Kc5 43. Ke3 Kb4 44. Kd2 Rd5+ 45. Kc1 a4
46. f3 a3 47. Nd1 a2 48. Ne3 a1=Q# 0-1

[Event "DEM U10w 2017"]
[Site "Willingen GER"]
[Date "2017.06.09"]
[Round "10"]
[White "Stepanjan, Marianne"]
[Black "Wilmink, Anna"]
[Result "1/2-1/2"]
[Termination "normal"]
[Board "12"]
[WhiteElo "880"]
[BlackElo "1140"]
[PlyCount "218"]
[WhiteFideId "16246110"]
[BlackFideId "16273680"]
[EventCountry "GER"]
[EventRounds "11"]
[EventType "swiss"]
[EventDate "2017.06.03"]

1. e4 e6 2. Nc3 d5 3. d4 c5 4. Nf3 Nf6 5. Bg5 Qb6 6. Rb1 Nc6 7. Bxf6 gxf6 8.
exd5 cxd4 9. Ne2 exd5 10. Nexd4 Bg4 11. Be2 Bxf3 12. Nxc6 Bxg2 13. Rg1 Qxc6 14.
Rxg2 d4 15. Rg4 Bc5 16. Bd3 O-O-O 17. Bf5+ Kb8 18. Qd2 Rde8+ 19. Kf1 Qd5 20.
Qf4+ Bd6 21. Be4 Bxf4 22. Bxd5 Bxh2 23. Bxf7 Re7 24. Bd5 Be5 25. Re1 Rd7 26.
Be6 Rd6 27. Bf5 h5 28. Rg6 h4 29. Kg2 Rdd8 30. Kh3 Rd5 31. Reg1 Bf4 32. Be6 Rg5
33. R6xg5 fxg5 34. f3 Kc7 35. Rd1 Be3 36. c3 Kd6 37. Bg4 Kc5 38. cxd4+ Bxd4 39.
Rc1+ Kb4 40. Rc7 Rb8 41. b3 Ka3 42. Rc4 Be5 43. Ra4+ Kb2 44. Rxa7 b5 45. Re7
Bf4 46. Re2+ Kb1 47. Bf5+ Ka1 48. Rc2 Ra8 49. b4 Rxa2 50. Rxa2+ Kxa2 51. Bd3
Kb3 52. Bxb5 Kxb4 53. Bc6 Kc5 54. Ba8 Kd4 55. Kg4 Ke3 56. Kh3 Kf2 57. Bc6 Bg3
58. Bd5 Ke3 59. Kg4 Bf4 60. Kh3 Bg3 61. Bc6 Bf4 62. Bb7 Bg3 63. Bd5 Bf4 64. Bb7
Bg3 65. Ba8 Bf4 66. Bd5 Bg3 67. Bc6 Bf4 68. Bb7 Bg3 69. Bc6 Bf4 70. Bb7 Bg3 71.
Ba8 Bf4 72. Bc6 Bg3 73. Bd5 Bf4 74. Bc6 Bg3 75. Bd5 Bf4 76. Kg4 Kf2 77. Kh3 Bg3
78. Bc6 Bf4 79. Ba8 Bg3 80. Bd5 Bf4 81. Bb7 Bg3 82. Bd5 Bf4 83. Ba8 Bg3 84. Bb7
Bf4 85. Bd5 Bg3 86. Bc6 Bf4 87. Ba8 Bg3 88. Bc6 Bf4 89. Bb7 Bg3 90. Ba8 Bf4 91.
Bc6 Bg3 92. Bb7 Bf4 93. Bd5 Bg3 94. Bb7 Bf4 95. Bc6 Bg3 96. Bd5 Bf4 97. Bb7 Bg3
98. Bc6 Bf4 99. Bb7 Bg3 100. Bd5 Bf4 101. Bb7 Bg3 102. Bc6 Bf4 103. Bd5 Bg3
104. Bc6 Bf4 105. Ba8 Bg3 106. Bd5 Bf4 107. Bb7 Bg3 108. Bc6 Bf4 109. Ba8 Bg3
1/2-1/2

[Event "DEM U10w 2017"]
[Site "Willingen GER"]
[Date "2017.06.09"]
[Round "10"]
[White "Vianden, Ella"]
[Black "Pröttel, Ela"]
[Result "0-1"]
[Termination "normal"]
[Board "13"]
[WhiteElo "1050"]
[BlackElo "1050"]
[PlyCount "134"]
[WhiteFideId "16235592"]
[BlackFideId "44582749"]
[EventCountry "GER"]
[EventRounds "11"]
[EventType "swiss"]
[EventDate "2017.06.03"]

1. e4 e5 2. Nf3 Nc6 3. Bb5 a6 4. Ba4 Nf6 5. O-O b5 6. Bb3 Be7 7. Re1 d6 8. c3
Bg4 9. h3 Bh5 10. d4 O-O 11. Nbd2 Re8 12. Nf1 Qd7 13. Ng3 Bg6 14. Nh4 Rab8 15.
Bg5 h6 16. Bxf6 Bxf6 17. Nxg6 Kh7 18. Nxe5 dxe5 19. dxe5 Qxd1 20. Raxd1 Nxe5
21. f4 Nc4 22. Rd7 c6 23. Rxf7 Nxb2 24. Bc2 Bxc3 25. Re3 Bd4 26. e5+ Kg8 27.
Bb3 Bxe3+ 28. Kf1 Nc4 29. Rf5 Rbd8 30. Ke2 Rd2+ 31. Kf3 Rf2+ 32. Ke4 Rd8 33.
Rh5 Rd4+ 34. Kf5 Rfxf4+ 35. Ke6 Rf7 36. Nf5 Rdd7 37. Rh4 Nxe5 38. Kxe5 Kh7 39.
Nxe3 Rf2 40. Ke4 g5 41. Rg4 Re7+ 42. Kd3 Rf4 43. Rg3 c5 44. Bc2 Rd4+ 45. Ke2+
Kg7 46. Ke1 Rd6 47. Rf3 Rf6 48. Kd1 Rxf3 49. gxf3 Rxe3 50. Kd2 Rxf3 51. Ke2
Rxh3 52. Kf2 Rh2+ 53. Ke3 Rxc2 54. a3 Rc3+ 55. Ke4 Rxa3 56. Kd5 h5 57. Kxc5 h4
58. Kb4 Rf3 59. Ka5 h3 60. Kxa6 h2 61. Kxb5 h1=Q 62. Kc5 Qd1 63. Kc4 Rf8 64.
Kc5 Rc8+ 65. Kb6 Qb3+ 66. Ka7 Rc1 67. Ka6 Ra1# 0-1

[Event "DEM U10w 2017"]
[Site "Willingen GER"]
[Date "2017.06.09"]
[Round "10"]
[White "Margaryan, Venera"]
[Black "Heinze, Sofie"]
[Result "0-1"]
[Termination "normal"]
[Board "14"]
[WhiteElo "773"]
[BlackElo "850"]
[PlyCount "100"]
[WhiteFideId "16266226"]
[BlackFideId "16226461"]
[EventCountry "GER"]
[EventRounds "11"]
[EventType "swiss"]
[EventDate "2017.06.03"]

1. d4 d5 2. c4 Nf6 3. Nc3 e6 4. Nf3 g6 5. Bf4 Bg7 6. e3 O-O 7. Be2 Nbd7 8. O-O
c5 9. Ne5 Nb6 10. Qb3 cxd4 11. exd4 Bd7 12. c5 Nc4 13. Bxc4 dxc4 14. Qxc4 Be8
15. Rfd1 Qa5 16. d5 Nh5 17. Rd4 Rc8 18. Ne4 Nxf4 19. d6 Bxe5 20. Rd2 Bc6 21.
Rad1 Bxe4 22. Qxe4 f6 23. d7 Rcd8 24. Qxb7 Qxc5 25. a3 Bc7 26. b4 Qc3 27. a4
Bb6 28. b5 Qc4 29. Ra1 Ba5 30. Rdd1 Bc3 31. Rac1 Ne2+ 32. Kh1 Nxc1 33. Rxc1 Qe2
34. h3 Be5 35. g3 Qxf2 36. a5 Bxg3 37. Qg2 Qxg2+ 38. Kxg2 Bf4 39. Rc6 Rxd7 40.
a6 Rd6 41. Rc7 Be3 42. Kf3 Bb6 43. Rb7 Rc8 44. Ke4 Rc4+ 45. Kf3 Rd3+ 46. Ke2
Rxh3 47. Kd2 Ba5+ 48. Ke2 Rc2+ 49. Kd1 Rg2 50. Kc1 Rh1# 0-1

[Event "DEM U10w 2017"]
[Site "Willingen GER"]
[Date "2017.06.09"]
[Round "10"]
[White "Heuberger, Sandra"]
[Black "Khanbekyan, Nare"]
[Result "1-0"]
[Termination "normal"]
[Board "15"]
[WhiteElo "902"]
[BlackElo "952"]
[PlyCount "77"]
[WhiteFideId "16232151"]
[BlackFideId "16270916"]
[EventCountry "GER"]
[EventRounds "11"]
[EventType "swiss"]
[EventDate "2017.06.03"]

1. e4 e5 2. Nf3 Nc6 3. Bc4 Bc5 4. O-O Nf6 5. d3 d6 6. h3 Be6 7. Bb3 h6 8. Be3
Bb6 9. Nc3 O-O 10. Qd2 d5 11. Rfd1 d4 12. Ne2 dxe3 13. fxe3 Ba5 14. c3 Qd6 15.
Qc2 Nh5 16. c4 Bd7 17. c5 Qg6 18. Kh2 b6 19. Rf1 bxc5 20. Bd5 Nd4 21. exd4 cxd4
22. Bxa8 Nf4 23. Nxf4 exf4 24. Bd5 Qg3+ 25. Kh1 Rc8 26. Ne5 Be8 27. Rf3 Qg5 28.
Nc4 c6 29. Nxa5 c5 30. Bb7 Rc7 31. Raf1 f6 32. Bd5+ Kh7 33. Rxf4 Bh5 34. Rf5
Qh4 35. Qc4 Bg6 36. Bg8+ Kh8 37. Rd5 Kxg8 38. Rd8+ Kh7 39. Qg8# 1-0

[Event "DEM U10w 2017"]
[Site "Willingen GER"]
[Date "2017.06.09"]
[Round "10"]
[White "Hebestreit, Marie"]
[Black "Ottlik, Marie"]
[Result "0-1"]
[Termination "normal"]
[Board "16"]
[WhiteElo "896"]
[BlackElo "1013"]
[PlyCount "44"]
[BlackFideId "16281730"]
[EventCountry "GER"]
[EventRounds "11"]
[EventType "swiss"]
[EventDate "2017.06.03"]

1. e4 e5 2. Nf3 Nc6 3. Nc3 Bc5 4. Bc4 Nf6 5. d3 h6 6. a3 a6 7. O-O d6 8. h3 Be6
9. Bxe6 fxe6 10. Na4 Ba7 11. Bd2 O-O 12. Nh4 d5 13. Qf3 Nd4 14. Qg3 Nh5 15. Qg6
Qxh4 16. Bxh6 Ne2+ 17. Kh1 Bxf2 18. Qg4 Nhg3+ 19. Kh2 Nxf1+ 20. Rxf1 Bg3+ 21.
Qxg3 Qxg3+ 22. Kh1 Rxf1# 0-1

[Event "DEM U10w 2017"]
[Site "Willingen GER"]
[Date "2017.06.09"]
[Round "10"]
[White "Truong, Bao Ngoc"]
[Black "Schupfer, Victoria"]
[Result "0-1"]
[Termination "normal"]
[Board "17"]
[WhiteElo "749"]
[BlackElo "830"]
[PlyCount "94"]
[EventCountry "GER"]
[EventRounds "11"]
[EventType "swiss"]
[EventDate "2017.06.03"]

1. g3 e5 2. Nf3 Nc6 3. Bg2 Nf6 4. O-O Bc5 5. c4 d6 6. Nc3 Be6 7. d4 exd4 8.
Nxd4 Bxd4 9. e3 Bc5 10. Na4 Qe7 11. Nxc5 dxc5 12. a3 Bxc4 13. Re1 O-O 14. b3
Be6 15. Bb2 Ng4 16. h3 Rad8 17. Qe2 Qg5 18. hxg4 Bxg4 19. Bf3 Bf5 20. Bh5 Rde8
21. f4 Qxg3+ 22. Qg2 Qxg2+ 23. Kxg2 Be4+ 24. Bf3 Bc2 25. Rac1 Bxb3 26. Rxc5 Ne7
27. Bxb7 Ng6 28. Rec1 h6 29. Rxc7 Rxe3 30. Bc6 Nxf4+ 31. Kf2 Re2+ 32. Kf3 Rxb2
33. Kxf4 a6 34. a4 g5+ 35. Kg4 Be6+ 36. Kg3 h5 37. Rh1 Rb3+ 38. Kg2 Rd8 39. Rf1
h4 40. Kh2 Rd2+ 41. Bg2 h3 42. Rg1 g4 43. Rc6 g3+ 44. Kh1 Rb4 45. Rxa6 hxg2+
46. Rxg2 Rh4+ 47. Kg1 Rd1# 0-1

[Event "DEM U10w 2017"]
[Site "Willingen GER"]
[Date "2017.06.09"]
[Round "10"]
[White "Claussen, Kim Sophie"]
[Black "Youness, Jolie"]
[Result "1/2-1/2"]
[Termination "normal"]
[Board "18"]
[WhiteElo "845"]
[BlackElo "768"]
[PlyCount "82"]
[EventCountry "GER"]
[EventRounds "11"]
[EventType "swiss"]
[EventDate "2017.06.03"]

1. e4 e5 2. Nf3 Nc6 3. Nc3 Bc5 4. Bc4 d6 5. d3 Nf6 6. Bg5 h6 7. Bh4 g5 8. Bg3
Bg4 9. h3 h5 10. h4 gxh4 11. Rxh4 Qd7 12. Nd5 Nxd5 13. exd5 Nd4 14. b3 O-O-O
15. Qd2 f6 16. O-O-O b5 17. Re1 Bxf3 18. gxf3 Nxf3 19. Qe2 Nxe1 20. Qxe1 bxc4
21. dxc4 c6 22. dxc6 Qxc6 23. Rh3 Rh6 24. f4 Bd4 25. fxe5 Qa6 26. exd6 Qa3+ 27.
Kd1 f5 28. Qe7 Rd7 29. Qf8+ Kb7 30. Qxh6 Qxa2 31. Qg5 Bc5 32. Qxf5 Rd8 33. Qxc5
Qa1+ 34. Kd2 Rc8 35. Qb4+ Ka8 36. Rxh5 Rg8 37. Rh7 Rb8 38. Qc5 Qa6 39. Qc7 Rb7
40. Rh8+ Rb8 41. Qc5 Rxh8 1/2-1/2

[Event "DEM U10w 2017"]
[Site "Willingen GER"]
[Date "2017.06.10"]
[Round "11"]
[White "Pohle, Saskia"]
[Black "Sohr, Luna"]
[Result "1-0"]
[Termination "normal"]
[Board "1"]
[WhiteElo "1416"]
[BlackElo "1199"]
[WhiteClock "01:01:32"]
[BlackClock "00:32:02"]
[PlyCount "37"]
[WhiteFideId "16201604"]
[BlackFideId "16251261"]
[EventCountry "GER"]
[EventRounds "11"]
[EventType "swiss"]
[EventDate "2017.06.03"]

1. e4 {[%clk 1:15:58]} 1... e5 {[%clk 1:15:58]} 2. Nf3 {[%clk 1:16:24]} 2...
Nc6 {[%clk 1:16:15]} 3. Bc4 {[%clk 1:16:50]} 3... h6 {[%clk 1:15:33]} 4. d4 {
[%clk 1:17:13]} 4... exd4 {[%clk 1:14:52]} 5. O-O {[%clk 1:17:36]} 5... d6 {
[%clk 1:13:22]} 6. Nxd4 {[%clk 1:17:18]} 6... Nf6 {[%clk 1:12:00]} 7. Nc3 {
[%clk 1:16:40]} 7... Be7 {[%clk 1:10:11]} 8. Be3 {[%clk 1:16:07]} 8... O-O {
[%clk 1:08:02]} 9. f4 {[%clk 1:12:18]} 9... Bg4 {[%clk 1:06:01]} 10. Qd2 {
[%clk 1:12:35]} 10... Qd7 {[%clk 0:59:57]} 11. Rae1 {[%clk 1:10:36]} 11... a6 {
[%clk 0:56:34]} 12. f5 {[%clk 1:05:19]} 12... b5 {[%clk 0:53:33]} 13. Bd5 {
[%clk 1:05:27]} 13... Nxd5 {[%clk 0:52:17]} 14. Nxd5 {[%clk 1:05:44]} 14...
Nxd4 {[%clk 0:51:22]} 15. Qxd4 {[%clk 1:03:45]} 15... f6 {[%clk 0:47:10]} 16.
Bf4 {[%clk 1:02:54]} 16... Rad8 {[%clk 0:43:57]} 17. Qc3 {[%clk 1:01:46]} 17...
c5 {[%clk 0:37:46]} 18. Qg3 {[%clk 1:01:22]} 18... h5 {[%clk 0:32:02]} 19. h3 {
[%clk 1:01:32]} 1-0

[Event "DEM U10w 2017"]
[Site "Willingen GER"]
[Date "2017.06.10"]
[Round "11"]
[White "Bräutigam, Katerina"]
[Black "Roncea, Andreea-Alexandra"]
[Result "0-1"]
[Termination "normal"]
[Board "2"]
[WhiteElo "1064"]
[BlackElo "1361"]
[WhiteClock "00:16:58"]
[BlackClock "00:39:55"]
[PlyCount "82"]
[WhiteFideId "16242980"]
[BlackFideId "16233115"]
[EventCountry "GER"]
[EventRounds "11"]
[EventType "swiss"]
[EventDate "2017.06.03"]

1. Nf3 {[%clk 1:15:58]} 1... d5 {[%clk 1:15:51]} 2. g3 {[%clk 1:16:14]} 2... e6
{[%clk 1:15:57]} 3. Bg2 {[%clk 1:16:28]} 3... Nf6 {[%clk 1:16:16]} 4. O-O {
[%clk 1:16:49]} 4... Be7 {[%clk 1:16:25]} 5. d3 {[%clk 1:17:04]} 5... O-O {
[%clk 1:16:37]} 6. Nbd2 {[%clk 1:17:23]} 6... b6 {[%clk 1:16:30]} 7. b3 { [%clk
1:17:43]} 7... Bb7 {[%clk 1:16:49]} 8. Bb2 {[%clk 1:18:03]} 8... Nbd7 { [%clk
1:16:59]} 9. Rc1 {[%clk 1:17:02]} 9... c5 {[%clk 1:16:58]} 10. e3 { [%clk
1:12:29]} 10... Re8 {[%clk 1:14:51]} 11. c4 {[%clk 1:11:52]} 11... Bd6 { [%clk
1:12:11]} 12. cxd5 {[%clk 1:10:44]} 12... exd5 {[%clk 1:12:34]} 13. Re1 { [%clk
1:08:50]} 13... Nf8 {[%clk 1:10:03]} 14. Nf1 {[%clk 1:06:20]} 14... Ne6 { [%clk
1:06:30]} 15. Qd2 {[%clk 1:04:22]} 15... Rc8 {[%clk 1:05:56]} 16. Qe2 { [%clk
0:59:21]} 16... Qe7 {[%clk 1:04:59]} 17. N1d2 {[%clk 0:58:43]} 17... Nc7 {[%clk
0:57:37]} 18. d4 {[%clk 0:57:22]} 18... Ba6 {[%clk 0:57:05]} 19. Qd1 { [%clk
0:56:56]} 19... Qd8 {[%clk 0:54:08]} 20. dxc5 {[%clk 0:55:16]} 20... bxc5
{[%clk 0:50:02]} 21. Kh1 {[%clk 0:48:17]} 21... Ne6 {[%clk 0:43:55]} 22. e4 {
[%clk 0:46:34]} 22... dxe4 {[%clk 0:44:04]} 23. Nxe4 {[%clk 0:46:27]} 23...
Nxe4 {[%clk 0:43:46]} 24. Rxe4 {[%clk 0:45:35]} 24... Bf8 {[%clk 0:43:17]} 25.
Qxd8 {[%clk 0:44:58]} 25... Rexd8 {[%clk 0:43:22]} 26. Re5 {[%clk 0:40:30]}
26... g6 {[%clk 0:42:24]} 27. Re3 {[%clk 0:40:00]} 27... Bh6 {[%clk 0:42:35]}
28. Ng5 {[%clk 0:34:36]} 28... Bxg5 {[%clk 0:42:18]} 29. f4 {[%clk 0:34:32]}
29... Bh6 {[%clk 0:42:34]} 30. Rec3 {[%clk 0:32:43]} 30... Rd2 {[%clk 0:42:27]}
31. R3c2 {[%clk 0:31:20]} 31... Rcd8 {[%clk 0:42:11]} 32. Rxd2 {[%clk 0:30:18]}
32... Rxd2 {[%clk 0:42:32]} 33. Bc3 {[%clk 0:24:53]} 33... Rxa2 {[%clk 0:42:25]
} 34. Kg1 {[%clk 0:23:20]} 34... Bg7 {[%clk 0:42:19]} 35. Bxg7 {[%clk 0:21:39]}
35... Kxg7 {[%clk 0:42:42]} 36. Rd1 {[%clk 0:20:20]} 36... Nd4 {[%clk 0:42:32]}
37. Rb1 {[%clk 0:19:48]} 37... Ne2+ {[%clk 0:42:05]} 38. Kh1 {[%clk 0:19:13]}
38... Nd4 {[%clk 0:40:35]} 39. Bd5 {[%clk 0:17:16]} 39... Bd3 {[%clk 0:39:45]}
40. Rd1 {[%clk 0:17:29]} 40... Bc2 {[%clk 0:39:55]} 41. Re1 {[%clk 0:16:58]}
41... Bxb3 0-1